|
|
|
|
| LEADER |
00000nam0a2200000 4500 |
| 001 |
1951 |
| 005 |
20231101204223.0 |
| 010 |
|
|
|a 5020122351
|
| 035 |
|
|
|a (RuTPU)RU\TPU\book\1960
|
| 035 |
|
|
|a BOOK00001962
|
| 090 |
|
|
|a 1951
|
| 100 |
|
|
|a 20011209d1995 k y0rusy50 ca
|
| 101 |
0 |
|
|a rus
|
| 102 |
|
|
|a RU
|
| 105 |
|
|
|a a z 000zy
|
| 200 |
1 |
|
|a Архив истории науки и техники
|e Сборник статей
|h Вып. 1
|f Российская академия наук; Институт истории естествознания и техники им. С. С. Вавилова
|
| 210 |
|
|
|a Москва
|c Наука
|d 1995
|
| 215 |
|
|
|a 256 с.
|c ил.
|
| 606 |
1 |
|
|a Наука
|x История
|2 stltpush
|3 (RuTPU)RU\TPU\subj\45075
|9 64337
|
| 606 |
1 |
|
|a Техника
|x История
|2 stltpush
|3 (RuTPU)RU\TPU\subj\68282
|9 83710
|
| 610 |
1 |
|
|a Россия
|
| 610 |
1 |
|
|a науковедение
|
| 610 |
1 |
|
|a зарубежные страны
|
| 675 |
|
|
|a 62(09)
|v 3
|
| 686 |
|
|
|a Ч213
|v LBC/SL-A
|2 rubbk
|
| 712 |
0 |
2 |
|a Российская академия наук
|b Институт истории естествознания и техники им. С. И. Вавилова (ИИЕТ РАН)
|c (Москва)
|2 stltpush
|3 (RuTPU)RU\TPU\col\155
|
| 801 |
|
0 |
|a RU
|b 63413507
|c 20011209
|g PSBO
|
| 801 |
|
2 |
|a RU
|b 63413507
|c 20130225
|g PSBO
|
| 942 |
|
|
|c BK
|